Erebo /

Đã lưu trong:
Chi tiết về thư mục
Tác giả chính: Gumel, Pablo (autor)
Tác giả khác: Vargas Severiche, Manuel (prólogo) (prólogo), Sanrune, Carlos (epílogo) (epílogo)
Định dạng: Sách
Ngôn ngữ:Tiếng Tây Ban Nha
Được phát hành: Madrid, España : Amistades Particulares, 2019, c2019
Những chủ đề:
Các nhãn: Thêm thẻ
Không có thẻ, Là người đầu tiên thẻ bản ghi này!

MARC

LEADER 00000nam^a2200000^a^4500
001 000421882
005 20250521000000.0
009 20260310122547.582
020 |a 978-84-948784-6-6 
037 |a Acervo ITESO - Biblioteca 
041 |a ESP 
082 |a 808. 803538  |b AMI V. 3 
100 |a Gumel, Pablo  |e (autor) 
245 1 0 |a Erebo /  |c P. Gumel ; pról. de M. Vargas Severiche ; posfacio de C. Sanrune. 
264 4 |a Madrid, España :  |b Amistades Particulares,  |c 2019, c2019 
300 |a 94 p. 
336 |a texto  |b txt  |2 rdacontenido 
337 |a sin mediación  |b n  |2 rdamedio 
338 |a volumen  |b nc  |2 rdasoporte 
521 |a FIL 2019 DIA 
649 |a XX 
650 |a Novela Boliviana 
650 |a Literatura Gay y Lésbica -  |z Bolivia 
650 |a Literatura Boliviana -  |y Siglo XX 
700 |a Vargas Severiche, Manuel  |e (prólogo) 
700 |a Sanrune, Carlos  |e (epílogo) 
910 |a Fondo General 
920 |a Impresos - Libros 
930 |a Reserva Especial 
940 |a Literatura 
905 |a 103 
901 |a 0500336277  |b IT1  |c REE  |i C168773  |u 20250521 
902 |a https://opac.biblio.iteso.mx/vufind/Record/000421882